[Event "Druzynowe Mistrzostwa Polski Juniorow - I Liga"]
[Site "Ustron"]
[Date "2011-06-26"]
[Round "2.1"]
[White "Blaszkiewicz, Mateusz"]
[Black "Zmarzly, Aleksandra"]
[Result "0-1"]
[WhiteTitle "I"]
[BlackTitle "k+"]
[WhiteElo "1901"]
[BlackElo "2091"]

1. e4 e6 2. d4 d5 3. e5 c5 4. c3 Nc6 5. Nf3 Bd7 6. Be2 Nge7 7. Na3 cxd4 8. cxd4
Nf5 9. Nc2 Qb6 10. O-O Na5 11. Ne3 Nxe3 12. fxe3 Be7 13. Nd2 O-O 14. a3 f6 15.
b4 Nc6 16. exf6 Bxf6 17. Nb3 Nd8 18. Nc5 Bb5 19. Bd2 Bxe2 20. Qxe2 Qd6 21. b5
b6 22. Nd3 Re8 23. Bb4 Qd7 24. a4 Nf7 25. Qg4 Nh6 26. Qf4 Rac8 27. Rac1 Nf7 28.
Qg3 Kh8 29. Nf4 Ng5 30. Nh5 Ne4 31. Nxf6 Nxg3 32. Nxd7 Ne2+ 33. Kf2 Nxc1 34. Ne5
Kg8 35. Ba3 Rc2+ 36. Kf3 Nb3 37. Kg3 Nd2 38. Ra1 Ne4+ 39. Kh3 Re2 40. Nc6 Rxe3+
41. g3 Ng5+ 42. Kg4 h6 43. Bd6 Re4+ 44. Bf4 Nf7 45. Kh3 g5 46. Bb8 g4+ 47. Kg2
Re2+ 48. Kg1 Ng5 0-1

[Event "Druzynowe Mistrzostwa Polski Juniorow - I Liga"]
[Site "Ustron"]
[Date "2011-06-26"]
[Round "2.2"]
[White "Malec, Robert"]
[Black "Chomski, Maciej"]
[Result "1/2-1/2"]
[WhiteTitle "I"]
[BlackTitle "I"]
[WhiteElo "1830"]
[BlackElo "1842"]

1. e4 e5 2. Nf3 Nc6 3. Nc3 Nf6 4. d4 exd4 5. Nxd4 Bb4 6. Nxc6 bxc6 7. Bd3 d5 8.
e5 Ne4 9. Bxe4 Bxc3+ 10. bxc3 dxe4 11. Qxd8+ Kxd8 12. Bg5+ Kd7 13. O-O-O Ke6 14.
Bf4 Bb7 15. Kd2 Rhd8+ 16. Ke3 c5 17. Bg3 Bc6 18. Rxd8 Rxd8 19. Rb1 Rc8 20. c4
Rd8 21. Rb3 a5 22. f3 a4 23. Rc3 Rd4 24. f4 Bb7 25. Bf2 Ba6 26. a3 Bxc4 27. g4
Kd5 28. Bg3 Bb5 29. f5 Rc4 30. Rxc4 Bxc4 31. e6 fxe6 32. fxe6 Kxe6 33. Kxe4 c6
34. Bf2 Be2 35. g5 Bd1 36. Kd3 Kd5 37. Bh4 1/2-1/2

[Event "Druzynowe Mistrzostwa Polski Juniorow - I Liga"]
[Site "Ustron"]
[Date "2011-06-26"]
[Round "2.3"]
[White "Swiderski, Radoslaw"]
[Black "Terochin, Piotr"]
[Result "0-1"]
[WhiteTitle "II+"]
[BlackTitle "II"]
[WhiteElo "1817"]
[BlackElo "1704"]

1. e4 c5 2. Nf3 e6 3. d4 cxd4 4. Nxd4 Nc6 5. Nb5 d6 6. c4 Nf6 7. N1c3 a6 8. Na3
Be7 9. Be2 O-O 10. O-O Qb6 11. Nc2 Rd8 12. Be3 Qa5 13. Qd2 d5 14. cxd5 exd5 15.
exd5 Nxd5 16. Nxd5 Qxd5 17. Qxd5 Rxd5 18. Bf3 Rb5 19. b3 Bf6 20. Rad1 Be6 21.
Nd4 Nxd4 22. Bxd4 Bxd4 23. Rxd4 Rc8 24. Rfd1 g6 25. Rd8+ Kg7 26. Rxc8 Bxc8 27.
Rc1 Be6 28. h3 Kf6 29. Kf1 Ke5 30. Ke2 Kd4 31. Kd2 b6 32. Be2 Rf5 33. f3 Ra5 34.
Rc2 Rg5 35. g4 b5 36. b4 Bc4 37. Bxc4 bxc4 38. Rc3 Rb5 39. Re3 Rxb4 40. Re4+ Kd5
41. Kc3 Ra4 42. Kb2 c3+ 43. Kxc3 Rxe4 44. fxe4+ Kxe4 0-1

[Event "Druzynowe Mistrzostwa Polski Juniorow - I Liga"]
[Site "Ustron"]
[Date "2011-06-26"]
[Round "2.4"]
[White "Malecki, Mateusz"]
[Black "Witczak, Jakub"]
[Result "0-1"]
[WhiteTitle "II"]
[BlackTitle "II"]
[WhiteElo "1327"]
[BlackElo "1579"]

1. e4 e6 2. Nf3 d5 3. Nc3 dxe4 4. Nxe4 Bd7 5. Bc4 Bc6 6. Ng3 Nd7 7. d4 Ngf6 8.
O-O Be7 9. Re1 O-O 10. c3 b6 11. Ng5 Bd5 12. Bxd5 Nxd5 13. Nf3 c5 14. c4 Nc7 15.
Be3 Bf6 16. Ne4 Bxd4 17. Bxd4 cxd4 18. Qxd4 Nc5 19. Rad1 Qxd4 20. Rxd4 Nxe4 21.
Rexe4 Rfd8 22. Rxd8+ Rxd8 23. Rd4 Rxd4 24. Nxd4 a5 25. Kf1 Kf8 26. Ke2 Ke7 27.
Kd3 Kd6 28. Kc3 Kc5 29. Nb3+ Kd6 30. Kd4 e5+ 31. Ke4 Ne6 32. h4 g6 33. g4 Nc5+
34. Nxc5 bxc5 35. f4 exf4 36. Kxf4 Ke6 37. g5 f5 38. gxf6 Kxf6 39. Ke4 g5 40.
hxg5+ Kxg5 41. Kd5 h5 42. Kxc5 h4 43. Kd6 h3 44. c5 h2 45. c6 h1=Q 46. c7 Qh3
47. Ke7 Qc8 48. Kd6 Kf6 49. b3 Kf7 50. a3 Ke8 51. Kc6 Qa6+ 52. Kd5 Kd7 53. b4
Kxc7 54. b5 Qd6+ 0-1

[Event "Druzynowe Mistrzostwa Polski Juniorow - I Liga"]
[Site "Ustron"]
[Date "2011-06-26"]
[Round "2.5"]
[White "Delekta, Anna"]
[Black "Barburzynska, Magdalena"]
[Result "0-1"]
[WhiteTitle "I"]
[BlackTitle "I++"]
[WhiteElo "1699"]
[BlackElo "1936"]

1. e4 c5 2. Nf3 d6 3. d4 cxd4 4. Nxd4 Nf6 5. Nc3 a6 6. Bg5 e6 7. f4 Qb6 8. Qd2
Qxb2 9. Rb1 Qa3 10. Be2 Nc6 11. Rd1 Be7 12. Bf3 Nxd4 13. Qxd4 Qa5 14. e5 dxe5
15. fxe5 Bb4 16. Bd2 Nd7 17. Rb1 Bc5 18. Qg4 O-O 19. Ne4 Qc7 20. Rb3 Qxe5 21.
Bc3 Bd4 22. Bxd4 Qxd4 23. Qh5 Nf6 24. Nxf6+ Qxf6 25. Rf1 Qa1+ 26. Ke2 Qxa2 27.
Be4 f5 28. Rh3 h6 29. Bd3 Qd5 30. g4 Qe5+ 31. Re3 Qd6 32. gxf5 exf5 33. Rg1 Bd7
34. Rg6 Qd4 35. Qxh6 Rae8 36. Qg5 Rxe3+ 37. Qxe3 Re8 0-1

[Event "Druzynowe Mistrzostwa Polski Juniorow - I Liga"]
[Site "Ustron"]
[Date "2011-06-26"]
[Round "2.7"]
[White "Wandzik, Wojciech"]
[Black "Duda, Jan-krzysztof"]
[Result "0-1"]
[WhiteTitle "k"]
[BlackTitle "FM"]
[WhiteElo "2239"]
[BlackElo "2295"]

1. e4 c5 2. Nf3 d6 3. d4 cxd4 4. Nxd4 Nf6 5. Nc3 a6 6. h3 e6 7. g4 Be7 8. Bg2 Nfd7
9. O-O g5 10. Nde2 Nc6 11. f4 gxf4 12. Nxf4 Nce5 13. Kh1 Qc7 14. Nce2 b6 15. b3
Bb7 16. c4 Nc5 17. Nc3 O-O-O 18. Be3 h5 19. Nxh5 Rdg8 20. Qe2 f5 21. gxf5 Rxg2
22. Qxg2 Rxh5 23. fxe6 Bd8 24. Nd5 Qh7 25. Bxc5 Bxd5 26. cxd5 Rg5 27. Qe2 dxc5
28. Rae1 Rg3 29. Rf2 Rxh3+ 30. Rh2 Rxh2+ 31. Qxh2 Qxh2+ 32. Kxh2 Nf3+ 33. Kg3
Nxe1 34. d6 Nc2 35. Kf4 Nd4 36. Ke5 b5 37. Kd5 Nxe6 38. Kxe6 c4 39. bxc4 bxc4
40. e5 c3 41. Kf7 Kd7 0-1

[Event "Druzynowe Mistrzostwa Polski Juniorow - I Liga"]
[Site "Ustron"]
[Date "2011-06-26"]
[Round "2.8"]
[White "Sleczka, Bartosz"]
[Black "Mroziak, Maciej"]
[Result "1/2-1/2"]
[WhiteTitle "I"]
[BlackTitle "I++"]
[WhiteElo "1895"]
[BlackElo "2136"]

1. e4 c5 2. Nf3 d6 3. d4 cxd4 4. Nxd4 Nf6 5. Nc3 a6 6. a4 e6 7. Be3 Nc6 8. Be2
Bd7 9. O-O Be7 10. f4 Qc7 11. Nb3 Na5 12. Nxa5 Qxa5 13. Bf3 Bc6 14. Qd2 Rc8 15.
Rfd1 Qc7 16. a5 O-O 17. Kh1 Rfe8 18. Bb6 Qb8 19. Qf2 Bd8 20. Ba7 Qc7 21. Bb6 Qe7
22. Bd4 Bc7 23. e5 Nd7 24. Bxc6 bxc6 25. exd6 Bxd6 26. Ne4 Bc7 27. Re1 f6 28.
Bc3 e5 29. f5 Nf8 30. Qe2 Qd7 31. Rf1 Ra8 32. Rad1 Qf7 33. Nc5 e4 34. Nxa6 Be5
35. Bxe5 Rxe5 36. Nb4 Rexa5 37. Nxc6 Rc5 38. Qxe4 Re8 39. Qf3 Rxc2 40. b3 Rb2
41. Nd4 Rd8 42. Rfe1 h6 43. Qc3 Ra2 44. b4 Qd5 45. Qg3 Ra7 46. h3 Rad7 47. Ne6
Qxd1 48. Rxd1 Rxd1+ 49. Kh2 Nxe6 50. fxe6 Re8 51. Qb3 Re1 52. b5 R1xe6 53. b6
Kf7 54. b7 Rb8 55. Qd5 g6 56. h4 h5 57. Kg3 1/2-1/2

[Event "Druzynowe Mistrzostwa Polski Juniorow - I Liga"]
[Site "Ustron"]
[Date "2011-06-26"]
[Round "2.9"]
[White "Lizak, Jakub"]
[Black "Bus, Konrad"]
[Result "1/2-1/2"]
[WhiteTitle "II+"]
[BlackTitle "I"]
[WhiteElo "1712"]
[BlackElo "1854"]

1. e4 c5 2. Nf3 d6 3. d4 cxd4 4. Nxd4 Nf6 5. Nc3 a6 6. Bg5 e6 7. f4 Be7 8. Qf3
h6 9. Bh4 Qc7 10. O-O-O Nbd7 11. Bd3 g5 12. fxg5 Ne5 13. Qe2 Nfg4 14. Nf3 hxg5
15. Bg3 Bd7 16. Rhf1 f6 17. h3 Nxf3 18. gxf3 Ne5 19. f4 gxf4 20. Bxf4 O-O-O 21.
Qe3 Rh7 22. Be2 Qa5 23. Kb1 Bc6 24. Bg4 Nxg4 25. hxg4 Rg7 26. Qh3 b5 27. g5 fxg5
28. Qxe6+ Kc7 29. Be3 Kb7 30. Bd4 Rh7 31. Qg6 Rh4 32. Rf7 Rd7 33. Qe6 Qc7 34.
Nd5 Bxd5 35. exd5 Rf4 36. Rxf4 gxf4 37. Qf5 Bd8 38. Qxf4 Rf7 39. Qg3 Bf6 40. Bxf6
Rxf6 41. Qb3 Qc4 42. Qe3 Rf1 43. Qc1 Rxd1 44. Qxd1 b4 45. Qd3 Qc5 46. a3 bxa3
47. bxa3 Kb6 48. Qb3+ Qb5 49. Kb2 Kc5 50. Qxb5+ axb5 51. Kb3 Kxd5 52. Kb4 Kc6
53. c4 bxc4 1/2-1/2

[Event "Druzynowe Mistrzostwa Polski Juniorow - I Liga"]
[Site "Ustron"]
[Date "2011-06-26"]
[Round "2.11"]
[White "Panczuk, Joanna"]
[Black "Tracz, Marcelina"]
[Result "1-0"]
[WhiteTitle "I"]
[BlackTitle "II+"]
[WhiteElo "1679"]
[BlackElo "1685"]

1. e4 e5 2. d4 exd4 3. Nf3 Nc6 4. Bc4 Nf6 5. e5 d5 6. Bb5 Ne4 7. Nxd4 Bd7 8. Bxc6
bxc6 9. O-O Bc5 10. f3 Ng5 11. f4 Ne4 12. Be3 O-O 13. Nd2 Nxd2 14. Qxd2 Re8 15.
Nb3 Bb6 16. Rae1 Bf5 17. Qf2 Qe7 18. h3 Be4 19. Nc5 Bxc5 20. Bxc5 Qe6 21. Bd4
Qd7 22. Qg3 Bxc2 23. e6 fxe6 24. Re5 Bf5 25. Qe3 a6 26. Rf3 Rab8 27. a3 Ra8 28.
Qc1 Rab8 29. Rc3 Rb7 30. Rxc6 a5 31. Re3 Be4 32. Rec3 Rc8 33. R6c5 a4 34. Rc6
Kf7 35. Rg3 g6 36. Rgc3 Ke7 37. Qd2 Rb3 38. Rxb3 Qxc6 39. Rc3 Qb5 40. Rc5 Qb3
41. Kh2 c6 42. Qf2 Qd3 43. Rc3 Qa6 44. Qh4+ 1-0

[Event "Druzynowe Mistrzostwa Polski Juniorow - I Liga"]
[Site "Ustron"]
[Date "2011-06-26"]
[Round "2.13"]
[White "Lis, Marek"]
[Black "Borawski, Jakub"]
[Result "1-0"]
[WhiteTitle "I++"]
[BlackTitle "II+"]
[WhiteElo "2116"]
[BlackElo "1899"]

1. e4 e5 2. Nc3 Nf6 3. Bc4 Bc5 4. d3 d6 5. f4 c6 6. Nf3 Bg4 7. fxe5 dxe5 8. Bxf7+
Ke7 9. Bb3 Nbd7 10. Qe2 b5 11. Be3 Qb6 12. Bxc5+ Nxc5 13. Qf2 Ncd7 14. O-O Bxf3
15. Qxb6 axb6 16. Rxf3 Nc5 17. Raf1 b4 18. Nd1 Nxb3 19. axb3 Rhf8 20. Ne3 Ke6
21. g4 Nd7 22. Rxf8 Nxf8 23. Kf2 Ng6 24. Nf5 Ra7 25. Ke3 c5 26. c3 bxc3 27. bxc3
Nf4 28. d4 g5 29. Rf2 Ra3 30. Rb2 c4 31. d5+ Kd7 32. bxc4 Rxc3+ 33. Kf2 Rxc4 34.
Rxb6 Rxe4 35. Rb7+ Kd8 36. d6 Re2+ 37. Kf3 Rxh2 38. Ne7 Ne6 39. Nc6+ Kc8 40. Re7
Nc5 1-0

[Event "Druzynowe Mistrzostwa Polski Juniorow - I Liga"]
[Site "Ustron"]
[Date "2011-06-26"]
[Round "2.14"]
[White "Zochowski, Kacper"]
[Black "Lewtak, Damian"]
[Result "1-0"]
[WhiteTitle "I"]
[BlackTitle "I+"]
[WhiteElo "1942"]
[BlackElo "2080"]

1. e4 e6 2. d4 d5 3. Nc3 dxe4 4. Nxe4 Nd7 5. Nf3 Ngf6 6. Bd3 Nxe4 7. Bxe4 Nf6 8.
Bg5 Be7 9. Bxf6 Bxf6 10. Qd3 Qe7 11. c3 g6 12. h4 Bg7 13. Qe3 f5 14. Bc2 Bd7 15.
Bb3 O-O-O 16. O-O-O Rhe8 17. Rhe1 Kb8 18. g3 a5 19. Ng5 Bh6 20. f4 a4 21. Bc4
Bxg5 22. hxg5 Qd6 23. Qe5 Qc6 24. Qc5 Qf3 25. Rd3 Qf2 26. Rde3 Bc6 27. Bd3 Bd5
28. Qb4 Rd6 29. Qxa4 Red8 30. Qc2 Qxc2+ 31. Kxc2 Bxa2 32. b3 c5 33. Rxe6 cxd4
34. c4 b5 35. Rxd6 Rxd6 36. Kb2 bxc4 37. Bxc4 Bxb3 38. Kxb3 d3 39. Kc3 Kc7 40.
Bxd3 Kd8 41. Bc4 Rd7 42. Re5 Ra7 43. Kb4 Rc7 44. Rc5 Ra7 45. Rd5+ Ke7 46. Kc5
Ra1 47. Re5+ Kf8 48. Bd5 Ra3 49. Kd6 Rxg3 50. Kd7 h5 51. gxh6 1-0

[Event "Druzynowe Mistrzostwa Polski Juniorow - I Liga"]
[Site "Ustron"]
[Date "2011-06-26"]
[Round "2.15"]
[White "Lewtak, Dominik"]
[Black "Smolarczyk, Tomasz"]
[Result "1/2-1/2"]
[WhiteTitle "II+"]
[BlackTitle "II"]
[WhiteElo "1723"]
[BlackElo "1575"]

1. e4 e5 2. Nf3 Nc6 3. Bb5 a6 4. Ba4 Nf6 5. O-O b5 6. Bb3 Be7 7. Re1 d6 8. c3 O-O
9. d3 Na5 10. Bc2 c5 11. Nbd2 Re8 12. Nf1 Bf8 13. Bg5 h6 14. Bh4 g5 15. Bg3 g4
16. Nh4 Nh5 17. Ne3 Qg5 18. Nhf5 Nxg3 19. fxg3 h5 20. Rf1 Bxf5 21. Nxf5 Rad8 22.
Bb3 Nxb3 23. Qxb3 Rd7 24. Rf2 Rc8 25. Qd5 c4 26. dxc4 Rxc4 27. Qd3 d5 28. exd5
Bc5 29. d6 Bxf2+ 30. Kxf2 Qf6 31. Ke2 Rc5 32. Qe3 Rc4 33. Rf1 Kh7 34. Qd3 e4 35.
Qd5 Qe6 36. Qd2 Rc5 37. Qg5 Qg6 38. Qf4 Qe6 39. Qg5 Qg6 40. Qf4 Qf6 41. h3 gxh3
42. gxh3 b4 43. g4 bxc3 44. g5 Rxf5 45. Qxf5+ Qxf5 46. Rxf5 cxb2 47. Rf1 Rxd6
48. Rxf7+ Kg6 49. Rb7 Kxg5 50. Rxb2 Kh4 51. Ke3 Rd3+ 52. Kxe4 Rxh3 53. Kf4 Rh1
54. Rb6 Rf1+ 55. Ke3 a5 56. Rb5 Rg1 57. Rxa5 Rg3+ 58. Kf2 1/2-1/2

[Event "Druzynowe Mistrzostwa Polski Juniorow - I Liga"]
[Site "Ustron"]
[Date "2011-06-26"]
[Round "2.16"]
[White "Szostko, Jakub"]
[Black "Szeglowski, Tomasz"]
[Result "1-0"]
[WhiteTitle "II"]
[BlackTitle "II+"]
[WhiteElo "1610"]
[BlackElo "1673"]

1. e4 c5 2. Nf3 Nc6 3. d4 cxd4 4. Nxd4 g6 5. c4 Bg7 6. Be3 Nf6 7. Nc3 O-O 8. Be2
b6 9. O-O Bb7 10. f3 d6 11. Qd2 Rc8 12. Rac1 Nd7 13. Rfd1 Nde5 14. b3 Qd7 15.
Nd5 Rfe8 16. Nb5 f5 17. Nxa7 Nxa7 18. Nxb6 Qe6 19. Nxc8 Nxc8 20. exf5 Qxf5 21.
a4 h5 22. a5 h4 23. h3 Rd8 24. Qc2 Qe6 25. Bf2 Nc6 26. c5 Kh7 27. a6 Ba8 28. Qc4
Qxc4 29. Rxc4 g5 30. b4 d5 31. Rg4 Kh6 32. b5 Ne5 33. Ra4 Ng6 34. b6 Bc6 35. Rb4
Be5 36. Bb5 Bxb5 37. Rxb5 Nf4 38. Kf1 d4 39. a7 Nxa7 40. bxa7 Ra8 41. Ra5 d3 42.
Be3 Ne2 43. Rxd3 Ng3+ 44. Kf2 Bc7 45. Ra6+ Kh5 46. Rd5 e5 47. Rd7 1-0

[Event "Druzynowe Mistrzostwa Polski Juniorow - I Liga"]
[Site "Ustron"]
[Date "2011-06-26"]
[Round "2.19"]
[White "Swiech, Przemyslaw"]
[Black "Stankiewicz, Pawel"]
[Result "1-0"]
[WhiteTitle "I++"]
[BlackTitle "I++"]
[WhiteElo "2219"]
[BlackElo "2096"]

1. c4 Nf6 2. Nc3 g6 3. Nf3 Bg7 4. g3 O-O 5. Bg2 d6 6. d4 c6 7. O-O Nbd7 8. e4 e5
9. h3 exd4 10. Nxd4 Qb6 11. Nde2 Ne8 12. b3 Ne5 13. Be3 Qa5 14. Qd2 f5 15. f4
Nf7 16. exf5 Bxf5 17. g4 Bd7 18. Rad1 Nf6 19. Bd4 Kh8 20. Ng3 c5 21. Bxf6 Bxf6
22. Nb5 Qxd2 23. Rxd2 Bxb5 24. cxb5 Rab8 25. Bd5 Bd4+ 26. Kg2 a6 27. a4 axb5 28.
axb5 Kg7 29. Re2 b6 30. Re7 Bf6 31. Rd7 Rbd8 32. Rb7 Rb8 33. Ra7 Rbe8 34. g5 Be7
35. Re1 1-0

[Event "Druzynowe Mistrzostwa Polski Juniorow - I Liga"]
[Site "Ustron"]
[Date "2011-06-26"]
[Round "2.20"]
[White "Lukasiewicz, Aleksander"]
[Black "Sobolewski, Bartosz"]
[Result "0-1"]
[WhiteTitle "I"]
[BlackTitle "II+"]
[WhiteElo "1925"]
[BlackElo "1889"]

1. e4 e6 2. d4 d5 3. Nc3 Bb4 4. Nge2 dxe4 5. a3 Be7 6. Nxe4 Nf6 7. Qd3 O-O 8. Bf4
Nbd7 9. O-O-O Nxe4 10. Qxe4 Nf6 11. Qf3 Nd5 12. Bd2 Bd7 13. Nf4 Bc6 14. Nxd5 Qxd5
15. Qg4 Bf6 16. Bc3 b5 17. f3 a5 18. Bd3 Rfb8 19. Be4 Qd6 20. Qg3 Qxg3 21. hxg3
Bxe4 22. fxe4 b4 23. Be1 bxa3 24. bxa3 Be7 25. Rd3 a4 26. Rh5 g6 27. Ra5 f5 28.
exf5 Bg5+ 29. Kd1 Rb1+ 30. Ke2 Rxe1+ 31. Kxe1 Rxa5 32. fxe6 c6 33. c4 Kf8 34.
Ke2 Ke7 35. d5 cxd5 36. cxd5 Kd6 37. Rd4 Ke5 38. Rg4 Be7 39. Rf4 Kxd5 40. Kd3
Kxe6 41. Kc3 Bxa3 42. Rh4 Be7 43. Rxh7 a3 44. Rh1 a2 0-1

[Event "Druzynowe Mistrzostwa Polski Juniorow - I Liga"]
[Site "Ustron"]
[Date "2011-06-26"]
[Round "2.21"]
[White "Marczuk, Dominik"]
[Black "Grela, Kacper"]
[Result "1-0"]
[WhiteTitle "I"]
[BlackTitle "II"]
[WhiteElo "1924"]
[BlackElo "1728"]

1. e4 c5 2. Nf3 Nc6 3. d4 cxd4 4. Nxd4 Nf6 5. Nc3 e5 6. Ndb5 d6 7. Bg5 a6 8. Na3
b5 9. Nd5 Be7 10. Bxf6 Bxf6 11. c3 Bg5 12. Nc2 Ne7 13. h4 Bh6 14. a4 bxa4 15.
Ncb4 O-O 16. Qxa4 a5 17. Bb5 Bb7 18. Nxe7+ Qxe7 19. Nd5 Bxd5 20. exd5 f5 21. b4
Qf7 22. Bc6 Qg6 23. Rg1 Qg4 24. bxa5 Rxa5 25. Qxg4 Rxa1+ 26. Qd1 Rxd1+ 27. Kxd1
e4 28. Kc2 f4 29. f3 e3 30. c4 g6 31. Rb1 Rf5 32. Bd7 Re5 33. Be6+ Kf8 34. Kd3
Rh5 35. c5 Re5 36. c6 e2 37. c7 Re3+ 38. Kd2 Ke7 39. c8=Q Kf6 40. Re1 Ke5 41.
Ra1 1-0

[Event "Druzynowe Mistrzostwa Polski Juniorow - I Liga"]
[Site "Ustron"]
[Date "2011-06-26"]
[Round "2.22"]
[White "Nowakowski, Artur"]
[Black "Jajte-pachota, Maciej"]
[Result "1/2-1/2"]
[WhiteTitle "II"]
[BlackTitle "II"]
[WhiteElo "1631"]
[BlackElo "1685"]

1. e4 c6 2. d4 d5 3. Nc3 dxe4 4. Nxe4 Bf5 5. Ng3 Bg6 6. h4 h6 7. h5 Bh7 8. Nf3
Nd7 9. Bd3 Bxd3 10. Qxd3 e6 11. Bf4 Ngf6 12. O-O-O Nd5 13. Bd2 a5 14. Rde1 Be7
15. Kb1 b5 16. Ne5 Nxe5 17. dxe5 Nb4 18. Qxd8+ Rxd8 19. Bxb4 Bxb4 20. Rd1 f5 21.
Rxd8+ Kxd8 22. Rd1+ Kc7 23. Ne2 Bc5 24. Nf4 Re8 25. Rd2 Re7 26. c3 Kc8 27. Kc2
Kb7 28. Kd1 Kc7 29. Ke2 Kc8 30. Rd3 b4 31. c4 a4 32. b3 axb3 33. axb3 Kc7 34.
Rd1 Re8 35. Rd2 Re7 36. Rd1 Re8 37. f3 Re7 38. g3 Re8 39. Rd2 Re7 40. Nd3 Bd4
41. c5 Re8 42. Ra2 Rb8 43. Ra4 Rb5 44. Ra7+ Rb7 45. Ra8 Rb8 46. Rxb8 Kxb8 47.
Nxb4 Kb7 48. Nd3 Ka6 49. g4 fxg4 50. fxg4 Kb5 51. Nf4 Bxe5 52. Nxe6 Kb4 53. Kd3
Bb2 54. Ke4 Kxb3 55. Nd8 Kc4 56. Nxc6 Kxc5 57. Nd8 Kd6 58. Kf5 Ke7 59. Ne6 Kf7
1/2-1/2

[Event "Druzynowe Mistrzostwa Polski Juniorow - I Liga"]
[Site "Ustron"]
[Date "2011-06-26"]
[Round "2.23"]
[White "Wozniak, Mariola"]
[Black "Grochocinska, Urszula"]
[Result "0-1"]
[WhiteTitle "WCM"]
[BlackTitle "I+"]
[WhiteElo "1788"]
[BlackElo "1790"]

1. e4 g6 2. d4 Bg7 3. Nc3 Nf6 4. Be3 d6 5. f3 Nbd7 6. Qd2 O-O 7. O-O-O c6 8. e5
dxe5 9. dxe5 Nd5 10. Nxd5 cxd5 11. Qxd5 Bxe5 12. Bb5 Bd6 13. Bh6 Re8 14. Bxd7
Qxd7 15. Qd4 f6 16. Nh3 Qf5 17. Rhe1 Qh5 18. Bf4 Bxf4+ 19. Nxf4 Qh6 20. Kb1 e5
21. Qc4+ Kh8 22. Qf7 Qf8 23. Qc7 Bf5 24. Nd3 Rec8 25. Qa5 Rc6 26. Re2 Ra6 27.
Qc5 Qf7 28. Nb4 Rb6 29. Red2 Qe8 30. Qc7 Rc8 31. Qxc8 Qxc8 32. Rd8+ Qxd8 33. Rxd8+
Kg7 34. Nd5 Rc6 35. Nc3 a6 36. g4 Be6 37. Ne4 Rc7 38. Rd6 Rd7 39. c4 Rxd6 40.
Nxd6 b6 41. Kc2 f5 42. g5 Kf8 43. Nb7 Ke7 44. c5 Bd5 45. Nd6 bxc5 46. Nc8+ Ke6
0-1

[Event "Druzynowe Mistrzostwa Polski Juniorow - I Liga"]
[Site "Ustron"]
[Date "2011-06-26"]
[Round "2.24"]
[White "Dwilewicz, Katarzyna"]
[Black "Marczuk, Anna"]
[Result "1-0"]
[WhiteTitle "I"]
[BlackTitle "II+"]
[WhiteElo "1599"]
[BlackElo "1628"]

1. e4 c5 2. Nf3 d6 3. c3 Nc6 4. Be2 Nf6 5. d4 cxd4 6. cxd4 e6 7. Nc3 Be7 8. O-O
O-O 9. Bf4 a6 10. d5 exd5 11. exd5 Nb8 12. Nd4 Nbd7 13. Nf5 Nc5 14. Nxe7+ Qxe7
15. Re1 Qc7 16. Rc1 Qd8 17. Qd4 h6 18. b4 Ncd7 19. Bxd6 Re8 20. Qf4 Nf8 21. Bd3
Rxe1+ 22. Rxe1 Nh5 23. Qe5 Nf6 24. Bc7 Qd7 25. h3 b5 26. Kf1 Ra7 27. Bd6 Qd8 28.
Be7 Qd7 29. Bxf6 gxf6 30. Qxf6 Ng6 31. Bxg6 fxg6 32. Qxg6+ Kf8 33. Qxh6+ Kg8 34.
Re3 Kf7 35. Qh7+ Kf8 36. Rf3+ Ke8 37. Qg8+ Ke7 38. Qf8+ 1-0

[Event "Druzynowe Mistrzostwa Polski Juniorow - I Liga"]
[Site "Ustron"]
[Date "2011-06-26"]
[Round "2.25"]
[White "Adamowicz, Maciej"]
[Black "Sowul, Bartosz"]
[Result "1/2-1/2"]
[WhiteTitle "I+"]
[BlackTitle "k"]
[WhiteElo "1991"]
[BlackElo "2178"]

1. c4 Nf6 2. Nc3 c5 3. Nf3 e6 4. g3 b6 5. Bg2 Bb7 6. O-O Be7 7. d3 O-O 8. b3 a6
9. Bb2 Qc7 10. a3 d6 11. Qc2 Nbd7 12. Rfe1 Bc6 13. a4 Qb7 14. e4 Ne5 15. Nd2 b5
16. f4 Ned7 17. axb5 axb5 18. Rxa8 Rxa8 19. cxb5 Bxb5 20. Nxb5 Qxb5 21. e5 Nd5
22. exd6 Bxd6 23. Qc4 Qb7 24. f5 Ra2 25. fxe6 fxe6 26. Rxe6 N7b6 27. Bxd5 Qxd5
28. Qxd5 Nxd5 29. Rxd6 Rxb2 30. Rxd5 Rxd2 31. Rxc5 Rxd3 32. b4 Rb3 33. Rb5 Rb2
34. Rb7 h6 35. b5 Kh7 36. b6 h5 37. h3 Kg6 38. Rb8 Kh7 39. b7 Kg6 40. Kf1 Kh7
41. Ke1 Kg6 42. Kd1 Kh7 43. Kc1 Rb6 44. Kc2 Rb5 45. Kc3 Rb1 46. Kd4 Kg6 47. Kd5
Rd1+ 48. Kc4 Rc1+ 49. Kd3 Rb1 1/2-1/2

[Event "Druzynowe Mistrzostwa Polski Juniorow - I Liga"]
[Site "Ustron"]
[Date "2011-06-26"]
[Round "2.26"]
[White "Pietruszewski, Marcin"]
[Black "Gabryjalowicz, Jakub"]
[Result "1/2-1/2"]
[WhiteTitle "k"]
[BlackTitle "I"]
[WhiteElo "2111"]
[BlackElo "1749"]

1. e4 d5 2. exd5 Nf6 3. Bb5+ Bd7 4. Be2 Bf5 5. Nf3 Nxd5 6. d4 e6 7. O-O Be7 8.
a3 O-O 9. c4 Nb6 10. Nc3 Nc6 11. d5 Na5 12. Nd4 Naxc4 13. Qb3 Ne5 14. Rd1 Bc5
15. Be3 Bxd4 16. Bxd4 Ng6 17. Bc5 Re8 18. Bb5 Nd7 19. Bxd7 Qxd7 20. Qxb7 Reb8
21. Qc6 Qxc6 22. dxc6 Rxb2 23. Ra2 Rxa2 24. Nxa2 a6 25. Rd7 Rc8 26. Nb4 Ne5 27.
Rd1 a5 28. Na6 h6 29. f3 Bd3 30. Nxc7 Rxc7 31. Bd6 Rxc6 32. Bxe5 Bc2 33. Rc1 a4
34. Kf2 Rc4 35. Ke3 Bb3 36. Rxc4 Bxc4 37. g4 f6 38. Bc3 Kf7 39. h4 g5 40. hxg5
hxg5 41. Bd4 f5 42. gxf5 exf5 43. f4 1/2-1/2

[Event "Druzynowe Mistrzostwa Polski Juniorow - I Liga"]
[Site "Ustron"]
[Date "2011-06-26"]
[Round "2.27"]
[White "Kowalski, Maciej"]
[Black "Murawko, Katarzyna"]
[Result "1-0"]
[WhiteTitle "II+"]
[BlackTitle "I+"]
[WhiteElo "1720"]
[BlackElo "1796"]

1. d4 c5 2. d5 d6 3. c4 g6 4. e4 Bg7 5. Nc3 Nf6 6. h3 O-O 7. Nf3 Nbd7 8. Bd3 Ne8
9. Bf4 a6 10. O-O e6 11. a4 e5 12. Be3 f5 13. Ng5 Ndf6 14. f4 exf4 15. Bxf4 h6
16. Ne6 Bxe6 17. dxe6 g5 18. Bh2 f4 19. Qe2 Qe7 20. e5 dxe5 21. Qxe5 Nc7 22. Rae1
Ng4 23. Qe4 Bd4+ 24. Kh1 Nf2+ 25. Rxf2 Bxf2 26. Re2 Bd4 27. Nd5 Nxd5 28. cxd5
Qg7 29. d6 Rfe8 30. e7 Bf6 31. d7 Rxe7 32. Qd5+ Qf7 33. d8=Q+ Rxd8 34. Qxd8+ Kg7
35. Rxe7 Bxe7 36. Qd7 Bf6 37. Qxf7+ Kxf7 38. b3 Ke6 39. Kg1 Kd5 40. Kf2 Bd4+ 41.
Kf3 Ke5 42. g3 Be3 43. gxf4+ gxf4 44. Bc4 Kf5 45. Bg3 fxg3 46. Kxe3 h5 47. a5
Ke5 48. h4 Kf5 49. Kf3 g2 50. Kxg2 Kg4 51. Bd5 Kxh4 52. Bxb7 1-0

[Event "Druzynowe Mistrzostwa Polski Juniorow - I Liga"]
[Site "Ustron"]
[Date "2011-06-26"]
[Round "2.28"]
[White "Mockun, Dawid"]
[Black "Wacior, Maciej"]
[Result "1/2-1/2"]
[WhiteTitle "II+"]
[BlackTitle "II"]
[WhiteElo "1688"]
[BlackElo "1668"]

1. d4 Nf6 2. c4 g6 3. Nc3 Bg7 4. e4 d6 5. Nf3 O-O 6. Be3 Nbd7 7. Be2 Ng4 8. Bc1
e5 9. h3 Ngf6 10. dxe5 Nxe5 11. Nxe5 dxe5 12. Qxd8 Rxd8 13. Bg5 Be6 14. Nd5 Bxd5
15. cxd5 Rd6 16. f3 Rb6 17. b3 Rd6 18. Be3 Nd7 19. b4 f5 20. O-O fxe4 21. fxe4
Nf6 22. Bc5 Rd7 23. Bb5 Rf7 24. Bc4 b6 25. Be3 Kh8 26. Bg5 Raf8 27. Rae1 h6 28.
Bxf6 Rxf6 29. Rxf6 Rxf6 30. Rf1 Rxf1+ 31. Kxf1 Bf8 32. b5 1/2-1/2

[Event "Druzynowe Mistrzostwa Polski Juniorow - I Liga"]
[Site "Ustron"]
[Date "2011-06-26"]
[Round "2.29"]
[White "Przybylska, Agata"]
[Black "Ostrowska, Dominika"]
[Result "0-1"]
[WhiteTitle "II"]
[BlackTitle "k"]
[WhiteElo "1604"]
[BlackElo "1936"]

1. e4 c5 2. Nf3 d6 3. d4 cxd4 4. Nxd4 Nf6 5. Nc3 a6 6. f3 e6 7. Be3 Nbd7 8. Qd2
b5 9. O-O-O Bb7 10. Kb1 b4 11. Nce2 d5 12. exd5 Nxd5 13. Bg5 Be7 14. h4 N7b6 15.
Ng3 Rc8 16. Bxe7 Nxe7 17. Nb3 Qxd2 18. Rxd2 Rc7 19. Na5 Bc8 20. Ne4 O-O 21. Be2
e5 22. Rd6 Nbd5 23. Bxa6 Bxa6 24. Rxa6 f5 25. Nd6 Ne3 26. Re1 Nxg2 27. Rxe5 Nxh4
28. Re3 f4 29. Rd3 Ng2 30. Rd2 Nh4 31. Rd3 h5 32. Nb3 g5 33. Ra5 Nef5 34. Nxf5
Nxf5 35. Rdd5 Rcf7 36. Rab5 g4 37. fxg4 hxg4 38. Rxb4 Nh6 39. Rg5+ Kh7 40. Rb6
Rf6 41. Rb7+ R8f7 42. Rxf7+ Rxf7 43. Nd2 f3 44. Kc1 Re7 45. Kd1 f2 46. Nf1 Re1+
47. Kd2 Rxf1 48. Ke2 Rc1 49. Kxf2 Rxc2+ 50. Ke3 Rxb2 51. a4 Ra2 52. a5 Ra4 53.
Kf2 Nf7 54. Rb5 Kg6 55. Kg3 Nh6 56. Rb6+ Kg5 57. a6 Nf5+ 58. Kg2 Kf4 0-1